000 00959cam a2200301 i 4500
001 54742
003 Mx-PuUPA
005 20220620130021.0
008 140415s2007 sp r 000 0 spa d
020 _a8441321965
040 _erda
_dMx-PuUPA
_bspa
_aMx-PuUPA
_cMx-PuUPA
041 0 _aspa
100 1 _aSchopenhauer, Arthur,
_d1788-1860
_eautor
_94735
245 1 0 _aMetafísica del amor :
_bmetafísica de la muerte /
_cArthur Schopenhauer.
264 1 _aBarcelona :
_bEdiciones Folio,
_c©2007
300 _a60 páginas ;
_c19 cm.
336 _atexto
_2rdacontent
_btxt
337 _asin medio
_2rdamedia
_bn
338 _avolumen
_2rdacarrier
_bnc
490 0 _aColección Grandes ! Ideas
500 _aColección dirigida por Joan-Carles Melich.
650 7 _aCapitalismo
_2armarc
650 7 _aComunismo
_2armarc
650 7 _aSocialismo
_2armarc
942 _2ddc
_cLI
_h109
_iS295
999 _c54742
_d54742